Messe de Notre Dame

Αποθηκεύτηκε σε:
Λεπτομέρειες βιβλιογραφικής εγγραφής
Κύριος συγγραφέας: Guillaume, de Machaut 1300-1377
Συγγραφή απο Οργανισμό/Αρχή: Hilliard Ensemble (Ερμηνευτής)
Άλλοι συγγραφείς: Hillier, Paul (Διευθυντής ορχήστρας)
Μορφή: CD Ηχητικό
Γλώσσα:French
Δημοσίευση: England : Hyperion Records, p1989
Θέματα:
Ετικέτες: Προσθήκη ετικέτας
Δεν υπάρχουν, Καταχωρήστε ετικέτα πρώτοι!

MARC

LEADER 00000njm a2200000 i 4500
001 1/67413
007 sd fs gn m ed
008 990121s1989 uk freod
028 0 3 |a CDA 66358 
035 |l 10047473 
040 |a GR-MY-UA  |b fre  |e aacr 
041 0 |a fre  |g eng  |g fre 
082 0 |a 782.323 
100 1 |a Guillaume, de Machaut  |d 1300-1377. 
245 1 0 |a Messe de Notre Dame  |h [sound recording] /  |c Guillaume de Machaut 
260 |a England :   |b Hyperion Records,   |c p1989 
300 |a 1 sound disc (53 min., 30 sec.) : digital, stereo. ; 4 3/4 in.  |e 1 booklet 
500 |a Includes "Messe de Notre Dame -- Le Lai de la Fonteinne (The Lay of the Fountain) -- Ma fin est mon commencement (My end is my beginning)" 
500 |a Recorded 1987 at St.John-at-Hakney, London and 1989 at St.Jude's-on-the-Hill, Hampstead, London 
511 |a Soloists of The Hilliard Ensemble ; Paul Hillier, conductor 
650 0 0 |a Masses. 
650 0 0 |a Propers (Music) 
650 0 0 |a Gregorian chants. 
700 1 |a Hillier, Paul.  |4 cnd 
710 1 |a Hilliard Ensemble.  |4 prf 
852 |a INST  |b SAMOS  |c AV  |e 19990121  |h 782.323 GUI  |p 005300010477  |q 005300010477  |t CD  |y 23 
901 |a BIBL-1999-1 
909 |a Σ  |b 039471 
922 |a 3ΕΛΗ  |b 199901  |c ΤΜΗΜΑ ΜΑΘΗΜΑΤΙΚΩΝ  |d ΛΕΣΧΗ ΔΙΣΚΟΥ